|
|
|
|
| LEADER |
00000nbm0a2200000 4500 |
| 001 |
134475 |
| 005 |
20231031135709.0 |
| 035 |
|
|
|a (RuTPU)RU\TPU\book\145774
|
| 090 |
|
|
|a 134475
|
| 100 |
|
|
|a 20080331d1971 k y0rusy50 ca
|
| 101 |
0 |
|
|a rus
|
| 102 |
|
|
|a RU
|
| 105 |
|
|
|a a m 001zy
|
| 200 |
1 |
|
|a Эффективные поперечные размеры треков протонов (I+6) МЭВ и альфа-частиц (4+25) МЭВ в кристаллах NaCl
|e Диссертация на соискание ученой степени кандидата фихико-математических наук
|f Л. А. Меликян
|g Томский политехнический институт (ТПИ) ; науч. рук. Д. И. Вайсбурд
|
| 210 |
|
|
|a Томск
|d 1971
|
| 215 |
|
|
|a 121 л.
|c ил.
|
| 320 |
|
|
|a Библиогр.: с. 111-121 (187 назв.)
|
| 610 |
1 |
|
|a диссертации
|
| 610 |
1 |
|
|a треки
|
| 610 |
1 |
|
|a протоны
|
| 610 |
1 |
|
|a альфа-частицы
|
| 610 |
1 |
|
|a кристаллы
|
| 610 |
1 |
|
|a заряженные частицы
|
| 610 |
1 |
|
|a твердые тела
|
| 610 |
1 |
|
|a вторичные электроны
|
| 610 |
1 |
|
|a энергия
|
| 610 |
1 |
|
|a эксперименты
|
| 610 |
1 |
|
|a блок-схемы
|
| 610 |
1 |
|
|a поперечные размеры
|
| 675 |
|
|
|a 539.125.4(04)
|v 3
|
| 700 |
|
1 |
|a Меликян
|b Л. А.
|
| 702 |
|
1 |
|a Вайсбурд
|b Д. И.
|c российский ученый
|c профессор, директор Центра новых технологий ТПУ
|f 1937-
|g Давид Израйлевич
|2 stltpush
|3 (RuTPU)RU\TPU\pers\19773
|4 727
|
| 712 |
0 |
2 |
|a Томский политехнический институт (ТПИ)
|c (1944-1991)
|2 stltpush
|3 (RuTPU)RU\TPU\col\1123
|
| 801 |
|
1 |
|a RU
|b 63413507
|c 20080331
|g PSBO
|
| 801 |
|
2 |
|a RU
|b 63413507
|c 20140610
|g RCR
|
| 942 |
|
|
|c BK
|